[Event "IRI-ch U16"]
[Site "Chess.com INT"]
[Date "2021.01.16"]
[Round "2"]
[White "Gholami, Amir Mohammad"]
[Black "Zahmati, Sobhan"]
[Result "0-1"]
[WhiteElo "1586"]
[BlackElo "1922"]
[PlyCount "146"]
[EventDate "2021.01.16"]
[EventType "swiss"]
[EventRounds "11"]
[EventCountry "IRI"]
[SourceTitle "EXT 2022"]
[Source "ChessBase"]
[SourceDate "2021.10.06"]
[SourceVersion "1"]
[SourceVersionDate "2021.10.06"]
[SourceQuality "1"]

1. Nf3 Nf6 2. c4 g6 3. b4 Bg7 4. Bb2 0-0 5. g3 d5 6. cxd5 Nxd5 7. Qb3 Be6 8. Bxg7 Kxg7 9. Qb2+ Kg8 10. Bg2 a5 11. b5 Nb6 12. d3 f6 13. 0-0 Bf7 14. Nbd2 N8d7 15. Rac1 e5 16. d4 Re8 17. dxe5 Nxe5 18. Nxe5 Rxe5 19. Nf3 Re8 20. Rfd1 Qe7 21. e3 Rad8 22. Nd4 Bd5 23. Bxd5+ Nxd5 24. Qb3 Kg7 25. Qc4 Kh8 26. a4 Rd7 27. e4 Nb6 28. Qc3 Nxa4 29. Qxa5 Nc5 30. Qb4 Nxe4 31. Qxe7 Rexe7 32. Nb3 Kg7 33. Re1 Nd6 34. Nc5 Rxe1+ 35. Rxe1 Rf7 36. Ne6+ Kh6 37. Nd8 Rd7 38. Ne6 Re7 39. Re2 Nxb5 40. Re4 g5 41. Nxg5 Rxe4 42. Nxe4 f5 43. Nc5 b6 44. Nd7 Nd4 45. Kg2 b5 46. f4 b4 47. Ne5 b3 48. Nc4 Nb5 49. Kf2 Nd6 50. Nb2 c5 51. Ke3 Kg6 52. Kd3 Kf6 53. Kc3 c4 54. Kd4 Ke6 55. h3 h5 56. h4 Kd7 57. Kc3 Kc6 58. Kd4 Kb5 59. Ke5 c3 60. Nd3 b2 61. Kxd6 b1Q 62. Ne5 c2 63. Ke6 c1Q 64. Kf6 Qe3 65. Kg5 Qxg3+ 66. Kxh5 Qxf4 67. Ng6 Qg4+ 68. Kh6 f4 69. h5 Qbxg6+ 70. hxg6 f3 71. g7 f2 72. Kh7 f1Q 73. g8Q Qfh3# 0-1

[Event "IRI-ch U16"]
[Site "Chess.com INT"]
[Date "2021.01.16"]
[Round "1"]
[White "Zahmati, Sobhan"]
[Black "Khorasani, Amir Reza"]
[Result "1-0"]
[WhiteElo "1922"]
[BlackElo "1358"]
[PlyCount "49"]
[EventDate "2021.01.16"]
[EventType "swiss"]
[EventRounds "11"]
[EventCountry "IRI"]
[SourceTitle "EXT 2022"]
[Source "ChessBase"]
[SourceDate "2021.10.06"]
[SourceVersion "1"]
[SourceVersionDate "2021.10.06"]
[SourceQuality "1"]

1. Nf3 d5 2. g3 Nf6 3. Bg2 c6 4. c4 dxc4 5. 0-0 Bf5 6. Nc3 Nbd7 7. Nh4 Bg4 8. h3 Bh5 9. g4 Bg6 10. f4 e6 11. e4 Nxe4 12. Nxg6 Nxc3 13. dxc3 hxg6 14. Qe2 Bc5+ 15. Kh1 Qh4 16. f5 Qg3 17. Bf4 Qd3 18. Qe1 0-0-0 19. Rd1 Rxh3+ 20. Bxh3 Qxh3+ 21. Bh2 Rh8 22. Qd2 Nf6 23. Qf4 e5 24. Qxe5 b6 25. Qc7# 1-0

[Event "IRI-ch U16"]
[Site "Chess.com INT"]
[Date "2021.01.16"]
[Round "7"]
[White "Zahmati, Sobhan"]
[Black "Niromand, Mohammad Ebrahim"]
[Result "1-0"]
[WhiteElo "1922"]
[BlackElo "1437"]
[PlyCount "67"]
[EventDate "2021.01.16"]
[EventType "swiss"]
[EventRounds "11"]
[EventCountry "IRI"]
[SourceTitle "EXT 2022"]
[Source "ChessBase"]
[SourceDate "2021.10.06"]
[SourceVersion "1"]
[SourceVersionDate "2021.10.06"]
[SourceQuality "1"]

1. Nf3 e6 2. g3 d5 3. Bg2 Nf6 4. c4 Be7 5. 0-0 b6 6. d4 Bb7 7. Ne5 Nbd7 8. Nc3 Nxe5 9. dxe5 Ne4 10. Nxe4 dxe4 11. Qc2 Qd4 12. Bf4 g5 13. Rad1 Qc5 14. Bxe4 gxf4 15. Bxb7 Rb8 16. Qe4 fxg3 17. Bc6+ Kf8 18. hxg3 h5 19. a3 a5 20. Rb1 Rd8 21. e3 f5 22. exf6 Bxf6 23. Qxe6 Rd6 24. Qc8+ Kg7 25. Qxc7+ Kh6 26. Rbd1 Rxc6 27. Qf4+ Bg5 28. Qe4 Rd6 29. b4 axb4 30. axb4 Qxb4 31. Rb1 Qd2 32. Rb5 Qd3 33. Qe5 Qg6 34. Qxh8+ 1-0

[Event "Arak op 15th"]
[Site "Arak"]
[Date "2016.08.11"]
[Round "1.7"]
[White "Zahmati, Sobhan"]
[Black "Omidi, Arya"]
[Result "0-1"]
[WhiteElo "1661"]
[BlackElo "2259"]
[PlyCount "50"]
[EventDate "2016.08.11"]
[EventType "swiss"]
[EventRounds "11"]
[EventCountry "IRI"]
[SourceTitle "CBM 173 Extra"]
[Source "ChessBase"]
[SourceDate "2016.08.29"]
[SourceVersion "1"]
[SourceVersionDate "2016.08.29"]
[SourceQuality "1"]

1. e4 c5 2. d4 cxd4 3. c3 dxc3 4. Nxc3 e6 5. Nf3 a6 6. Bc4 Nc6 7. 0-0 b5 8. Bb3 Bb7 9. Qe2 Nge7 10. Rd1 Ng6 11. Be3 Be7 12. Rac1 0-0 13. Ne1 Na5 14. Bc2 Nc4 15. Nd3 Rc8 16. b4 Nxe3 17. Qxe3 Rxc3 18. f4 Qa8 19. f5 Ne5 20. Qd4 Nxd3 21. Qxc3 Qa7+ 22. Kh1 Nf2+ 23. Kg1 Nh3+ 24. Kh1 Qg1+ 25. Rxg1 Nf2# 0-1